[Event "ESP-ch U18"]
[Site "Salobrena"]
[Date "2023.08.04"]
[Round "7"]
[White "Pedchenko Bondar, Alexandr"]
[Black "Fernandez Estremera, Fernando"]
[Result "1/2-1/2"]
[WhiteElo "2069"]
[BlackElo "2279"]
[PlyCount "60"]
[EventDate "2023.07.31"]
[EventType "swiss"]
[EventRounds "9"]
[EventCountry "ESP"]
[SourceTitle "CBM 215 Extra"]
[Source "ChessBase"]
[SourceDate "2023.09.30"]
[SourceVersion "1"]
[SourceVersionDate "2023.09.30"]
[SourceQuality "1"]

1. c4 c5 2. Nc3 b6 3. Nf3 Bb7 4. g3 e6 5. Bg2 Nf6 6. 0-0 d6 7. d4 cxd4 8. Qxd4 Be7 9. b3 0-0 10. Ba3 Nc6 11. Qd2 d5 12. Bxe7 Nxe7 13. cxd5 Nexd5 14. Nxd5 Bxd5 15. Rfd1 Qe7 16. Qb2 Rac8 17. Rac1 Qb7 18. Ne1 Rfd8 19. Bxd5 Rxd5 20. Rxc8+ Qxc8 21. Rc1 Rc5 22. Rxc5 Qxc5 23. Nd3 Qc7 24. f3 h6 25. Kf2 Nd7 26. Qd4 Nb8 27. Qe5 Qxe5 28. Nxe5 f6 29. Nd3 Kf7 30. e4 Nc6 1/2-1/2

[Event "ESP-ch U18"]
[Site "Salobrena"]
[Date "2023.08.03"]
[Round "6"]
[White "Lopez Varela, Pablo"]
[Black "Pedchenko Bondar, Alexandr"]
[Result "1/2-1/2"]
[WhiteElo "2300"]
[BlackElo "2069"]
[PlyCount "59"]
[EventDate "2023.07.31"]
[EventType "swiss"]
[EventRounds "9"]
[EventCountry "ESP"]
[SourceTitle "CBM 215 Extra"]
[Source "ChessBase"]
[SourceDate "2023.09.30"]
[SourceVersion "1"]
[SourceVersionDate "2023.09.30"]
[SourceQuality "1"]

1. Nf3 Nf6 2. g3 b6 3. Bg2 Bb7 4. b3 g6 5. Bb2 Bg7 6. 0-0 0-0 7. c4 c5 8. d4 cxd4 9. Qxd4 d6 10. Qd2 Nbd7 11. Nc3 Ne4 12. Nxe4 Bxb2 13. Qxb2 Bxe4 14. Nd4 Bxg2 15. Kxg2 Nf6 16. Rad1 Qc7 17. Rd3 a6 18. f3 Qb7 19. e4 b5 20. Rc1 Rfc8 21. Rdc3 bxc4 22. Rxc4 Rxc4 23. Rxc4 d5 24. exd5 Nxd5 25. Qc1 Qb6 26. Rc5 e6 27. Nc6 a5 28. Kh3 a4 29. Qc4 axb3 30. axb3 1/2-1/2

[Event "ESP-ch U18"]
[Site "Salobrena"]
[Date "2020.08.22"]
[Round "9"]
[White "Pedchenko Bondar, Alexandr"]
[Black "Martin Barcelo, Carles"]
[Result "0-1"]
[WhiteElo "2037"]
[BlackElo "2231"]
[PlyCount "68"]
[EventDate "2020.08.17"]
[EventType "swiss"]
[EventRounds "9"]
[EventCountry "ESP"]
[SourceTitle "CBM 197 Extra"]
[Source "ChessBase"]
[SourceDate "2020.09.30"]
[SourceVersion "1"]
[SourceVersionDate "2020.09.30"]
[SourceQuality "1"]

1. d4 Nf6 2. Nf3 g6 3. g3 Bg7 4. Bg2 0-0 5. 0-0 d6 6. c4 Nc6 7. Nc3 a6 8. b3 Rb8 9. d5 Na5 10. Bd2 c5 11. dxc6 Nxc6 12. Rc1 Bd7 13. Ng5 Nd4 14. Nge4 Nxe4 15. Bxe4 b5 16. Be3 e5 17. Bxd4 exd4 18. Nd5 bxc4 19. Rxc4 Be6 20. Ra4 a5 21. Qd2 Rb5 22. Nf4 d5 23. Nxe6 fxe6 24. Bd3 Rc5 25. b4 axb4 26. Qxb4 Rc7 27. Qb6 e5 28. Ra8 Qxa8 29. Qxc7 e4 30. Bb5 Qxa2 31. Qd6 Kh8 32. Qd7 d3 33. exd3 Bd4 34. Qe7 Rxf2 0-1

[Event "ESP-chT Regional U14"]
[Site "Padron"]
[Date "2017.06.24"]
[Round "4.1"]
[White "Alonso Garcia, Aaron"]
[Black "Pedchenko Bondar, Alexandr"]
[Result "1-0"]
[WhiteElo "2121"]
[BlackElo "1734"]
[PlyCount "73"]
[EventDate "2017.06.22"]
[EventType "team"]
[EventRounds "6"]
[EventCountry "ESP"]
[SourceTitle "EXT 2018"]
[Source "ChessBase"]
[SourceDate "2017.10.13"]
[SourceVersion "1"]
[SourceVersionDate "2017.10.13"]
[SourceQuality "1"]
[WhiteTeam "Murcia U14"]
[BlackTeam "Navarra (U14)"]
[WhiteTeamCountry "ESP"]
[BlackTeamCountry "ESP"]

1. e4 g6 2. d4 Bg7 3. Nc3 d6 4. Be3 a6 5. Qd2 Nf6 6. f3 h5 7. h4 Nc6 8. 0-0-0 b5 9. Nh3 Bxh3 10. Rxh3 Rb8 11. a4 b4 12. Nd5 Nxd5 13. exd5 Na7 14. Bxa6 c6 15. dxc6 Qb6 16. Qd3 Qxc6 17. d5 Qd7 18. Bd4 0-0 19. Bxg7 Kxg7 20. b3 Nc8 21. Qd4+ f6 22. Bb5 Qa7 23. Qxb4 Qe3+ 24. Qd2 Qc5 25. Qd4 Qc7 26. g4 Rh8 27. g5 Na7 28. Bc4 Nc8 29. Rg3 Kf7 30. Re1 Rg8 31. gxf6 exf6 32. Re6 Qd8 33. Bd3 Rg7 34. Qf4 Rb7 35. Ba6 Rc7 36. Bxc8 Rxc8 37. Qxd6 1-0

[Event "ESP-chT Regional U14"]
[Site "Padron"]
[Date "2017.06.22"]
[Round "1.1"]
[White "Pedchenko Bondar, Alexandr"]
[Black "Cespedes Llaverias, Llibert"]
[Result "0-1"]
[WhiteElo "1734"]
[BlackElo "2004"]
[PlyCount "107"]
[EventDate "2017.06.22"]
[EventType "team"]
[EventRounds "6"]
[EventCountry "ESP"]
[SourceTitle "EXT 2018"]
[Source "ChessBase"]
[SourceDate "2017.10.13"]
[SourceVersion "1"]
[SourceVersionDate "2017.10.13"]
[SourceQuality "1"]
[WhiteTeam "Navarra (U14)"]
[BlackTeam "Catalunya (U14)"]
[WhiteTeamCountry "ESP"]
[BlackTeamCountry "ESP"]

1. d4 Nf6 2. Nf3 e6 3. Bf4 b6 4. Nbd2 Bb7 5. h3 c5 6. e3 cxd4 7. exd4 Be7 8. Bd3 0-0 9. 0-0 d6 10. Bh2 Nbd7 11. Qe2 Rc8 12. c3 Re8 13. Ba6 Qc7 14. Bxb7 Qxb7 15. Rfe1 Bf8 16. Ne4 Nxe4 17. Qxe4 Qxe4 18. Rxe4 b5 19. Ree1 d5 20. a3 a5 21. Rec1 Nb6 22. b4 axb4 23. cxb4 Rxc1+ 24. Rxc1 Nc4 25. Ne5 Ra8 26. Nxc4 dxc4 27. Bf4 Rxa3 28. Rd1 c3 29. Rb1 Ra4 30. Rb3 Rxb4 31. Rxc3 Rxd4 32. g3 f6 33. Rc7 e5 34. Be3 Rc4 35. Rb7 b4 36. Kg2 Rc3 37. Kf3 Bc5 38. Rc7 Bxe3 39. Rxc3 bxc3 40. Kxe3 Kf7 41. Kd3 c2 42. Kxc2 Ke6 43. Kd3 Kd5 44. Ke3 f5 45. h4 g6 46. Kf3 h6 47. Ke3 g5 48. h5 f4+ 49. gxf4 gxf4+ 50. Kf3 Ke6 51. Ke4 Kf6 52. Kd5 Kf5 53. f3 Kf6 54. Kd6 0-1

[Event "ESP-ch U12"]
[Site "Granada"]
[Date "2016.07.09"]
[Round "9"]
[White "Pedchenko Bondar, Alexandr"]
[Black "Bertomeu Ginestar, Antoni"]
[Result "1-0"]
[WhiteElo "1716"]
[BlackElo "1561"]
[PlyCount "105"]
[EventDate "2016.07.04"]
[EventType "swiss"]
[EventRounds "9"]
[EventCountry "ESP"]
[SourceTitle "EXT 2024"]
[Source "ChessBase"]
[SourceDate "2023.10.10"]
[SourceVersion "1"]
[SourceVersionDate "2023.10.10"]
[SourceQuality "1"]

1. d4 Nf6 2. Bf4 g6 3. e3 Bg7 4. Bc4 0-0 5. h3 d6 6. Nf3 Nc6 7. 0-0 Bd7 8. c3 Ne8 9. b4 e5 10. Bh2 exd4 11. exd4 Kh8 12. Bf4 Nf6 13. Qb3 a5 14. a3 axb4 15. cxb4 Be6 16. Bxe6 fxe6 17. Nc3 Nh5 18. Be3 Qe7 19. Rfe1 Rae8 20. Rad1 Qd7 21. Ng5 e5 22. dxe5 Nxe5 23. Ne2 h6 24. Ne4 Qe7 25. N4g3 Nxg3 26. Nxg3 Kh7 27. Qd5 b6 28. a4 Ra8 29. a5 bxa5 30. bxa5 Ra6 31. Qb5 Rfa8 32. Bd2 Qf7 33. Re4 c6 34. Qe2 Qc7 35. f4 d5 36. Rxe5 Bxe5 37. fxe5 Qe7 38. Rf1 c5 39. Qe3 g5 40. Qd3+ Kh8 41. Qxd5 Rd8 42. Qc4 Re6 43. Bc3 Kh7 44. Nf5 Qd7 45. Nd6 Re7 46. Qe4+ Kg8 47. Qg6+ Rg7 48. Qxh6 Qa7 49. Qe6+ Kh7 50. Rf6 Kh8 51. Rh6+ Rh7 52. Nf7+ Kg8 53. Nxd8+ 1-0

[Event "ESP-ch U12"]
[Site "Granada"]
[Date "2016.07.08"]
[Round "8"]
[White "Guillo Longares, Cecilia"]
[Black "Pedchenko Bondar, Alexandr"]
[Result "1/2-1/2"]
[WhiteElo "1909"]
[BlackElo "1716"]
[PlyCount "68"]
[EventDate "2016.07.04"]
[EventType "swiss"]
[EventRounds "9"]
[EventCountry "ESP"]
[SourceTitle "EXT 2024"]
[Source "ChessBase"]
[SourceDate "2023.10.10"]
[SourceVersion "1"]
[SourceVersionDate "2023.10.10"]
[SourceQuality "1"]

1. d4 Nf6 2. c4 d6 3. Nc3 g6 4. g3 Bg7 5. Bg2 0-0 6. Nf3 Nc6 7. 0-0 e5 8. Re1 Nd7 9. e3 Re8 10. Ne2 e4 11. Nd2 f5 12. a3 a5 13. b3 Nc5 14. Nf4 g5 15. Nd5 Nd3 16. Rf1 Ne7 17. Nxe7+ Qxe7 18. Rb1 c5 19. dxc5 dxc5 20. Qc2 Rd8 21. Rd1 b6 22. f4 Ra7 23. fxg5 Qxg5 24. Nf1 Rad7 25. Bd2 Bb7 26. Bc3 Bxc3 27. Qxc3 Qg7 28. Qxg7+ Kxg7 29. Rd2 Kf6 30. Rbd1 Ne5 31. Rxd7 Rxd7 32. Rxd7 Nxd7 33. Nd2 Ne5 34. h3 h5 1/2-1/2

[Event "ESP-ch U12"]
[Site "Granada"]
[Date "2016.07.06"]
[Round "4"]
[White "Cuellar Montes, Alejandro"]
[Black "Pedchenko Bondar, Alexandr"]
[Result "1-0"]
[WhiteElo "1826"]
[BlackElo "1716"]
[PlyCount "101"]
[EventDate "2016.07.04"]
[EventType "swiss"]
[EventRounds "9"]
[EventCountry "ESP"]
[SourceTitle "EXT 2024"]
[Source "ChessBase"]
[SourceDate "2023.10.10"]
[SourceVersion "1"]
[SourceVersionDate "2023.10.10"]
[SourceQuality "1"]

1. d4 d5 2. c4 c6 3. Nc3 Nf6 4. Nf3 Bf5 5. Qb3 Qb6 6. Qxb6 axb6 7. cxd5 Nxd5 8. Nxd5 cxd5 9. Bf4 Nc6 10. a3 e6 11. Rc1 Be7 12. e3 0-0 13. Bb5 Rac8 14. 0-0 Rfd8 15. Ne5 Na7 16. Bd3 Bxd3 17. Nxd3 Nc6 18. Rc3 g5 19. Bg3 h5 20. h3 h4 21. Bh2 f5 22. Rfc1 Bd6 23. Rb3 Bxh2+ 24. Kxh2 Kf7 25. Rxb6 Rc7 26. Ne5+ Ke7 27. Nxc6+ bxc6 28. Rcxc6 Rxc6 29. Rxc6 Rb8 30. b4 Ra8 31. Rc3 Kd6 32. Kg1 e5 33. Kf1 e4 34. Ke2 g4 35. Kd2 gxh3 36. gxh3 Rg8 37. Rc1 Rg2 38. Ke2 Rg7 39. b5 Ra7 40. Rc3 Rb7 41. a4 Ra7 42. Ra3 Kc7 43. a5 Kb7 44. Kd2 Ra8 45. Kc2 Rc8+ 46. Rc3 Ra8 47. a6+ Kb6 48. Rc5 Rd8 49. Kb3 Rd7 50. Kb4 Rd6 51. Rc6+ 1-0

[Event "ESP-chT Regional U14"]
[Site "Padron"]
[Date "2016.06.23"]
[Round "1.12"]
[White "Quispe Arteaga, Gabriel"]
[Black "Pedchenko Bondar, Alexandr"]
[Result "1-0"]
[WhiteElo "2196"]
[BlackElo "1756"]
[PlyCount "85"]
[EventDate "2016.06.23"]
[EventType "team-swiss"]
[EventRounds "6"]
[EventCountry "ESP"]
[SourceTitle "EXT 2017"]
[Source "ChessBase"]
[SourceDate "2016.10.25"]
[SourceVersion "1"]
[SourceVersionDate "2016.10.25"]
[SourceQuality "1"]
[WhiteTeam "Madrid"]
[BlackTeam "Navarra"]
[WhiteTeamCountry "ESP"]
[BlackTeamCountry "ESP"]

1. d4 Nf6 2. c4 g6 3. g3 Bg7 4. Bg2 d6 5. Nc3 0-0 6. Nf3 c6 7. 0-0 Qa5 8. e4 Qh5 9. Qd3 Bh3 10. Ne2 Bxg2 11. Kxg2 Qa5 12. Bd2 Qc7 13. Bf4 Nh5 14. Bg5 h6 15. Be3 e5 16. dxe5 dxe5 17. Rad1 Nf6 18. Bc5 Re8 19. Bd6 Qc8 20. Nxe5 Nbd7 21. Nxd7 Qxd7 22. e5 Ng4 23. f4 h5 24. h3 Nh6 25. Qf3 Qe6 26. b3 Nf5 27. Nd4 Nxd4 28. Rxd4 Rad8 29. g4 hxg4 30. hxg4 Qc8 31. f5 Rd7 32. fxg6 fxg6 33. Rf4 Rdd8 34. Rf7 Qe6 35. Rxb7 Rd7 36. Rxd7 Qxd7 37. Rd1 Qe6 38. Qf4 Rd8 39. Qg5 Rd7 40. Rf1 Rf7 41. Qd8+ Kh7 42. Rh1+ Bh6 43. Qg5 1-0

[Event "Navarra-chTA"]
[Site "Pamplona"]
[Date "2015.11.14"]
[Round "6.7"]
[White "Pedchenko Bondar, Alexandr"]
[Black "Juanco Elizari, Felix Javier"]
[Result "0-1"]
[WhiteElo "1461"]
[BlackElo "1757"]
[PlyCount "94"]
[EventDate "2015.10.10"]
[EventType "team-tourn"]
[EventRounds "7"]
[EventCountry "ESP"]
[SourceTitle "CBM 169 Extra"]
[Source "ChessBase"]
[SourceDate "2015.12.18"]
[SourceVersion "1"]
[SourceVersionDate "2015.12.18"]
[SourceQuality "1"]
[WhiteTeam "Mikel Gurea"]
[BlackTeam "Runa"]
[WhiteTeamCountry "ESP"]
[BlackTeamCountry "ESP"]

1. e4 e6 2. d3 d5 3. Nd2 c5 4. g3 Nf6 5. Bg2 dxe4 6. dxe4 e5 7. Ngf3 Nc6 8. 0-0 Be6 9. h3 h6 10. c3 Qd7 11. Kh2 0-0-0 12. Qc2 Qd3 13. Qxd3 Rxd3 14. Ne1 Rd8 15. f4 Be7 16. f5 Bd7 17. Nef3 Ne8 18. Nc4 f6 19. Nh4 Nd6 20. Nxd6+ Bxd6 21. Be3 b6 22. Rad1 Be7 23. Rf2 Na5 24. Ng6 Rhe8 25. Bf1 Bc6 26. Nxe7+ Rxe7 27. Rxd8+ Kxd8 28. b4 Nb7 29. bxc5 Nxc5 30. Bxc5 bxc5 31. Rd2+ Kc7 32. Bg2 Re8 33. h4 Rb8 34. Kh3 Rb1 35. Kg4 Rc1 36. Rd3 Rc2 37. Bf3 Rxa2 38. Kh3 a5 39. g4 a4 40. g5 hxg5 41. hxg5 a3 42. gxf6 gxf6 43. c4 Ra1 44. Kh4 a2 45. Ra3 Rf1 46. Rxa2 Rxf3 47. Kh5 Bxe4 0-1

[Event "Navarra-chTA"]
[Site "Pamplona"]
[Date "2015.11.07"]
[Round "5.6"]
[White "Pedchenko Bondar, Alexandr"]
[Black "Carcavilla Ledesma, Jose Angel"]
[Result "1-0"]
[WhiteElo "1461"]
[BlackElo "1889"]
[PlyCount "63"]
[EventDate "2015.10.10"]
[EventType "team-tourn"]
[EventRounds "7"]
[EventCountry "ESP"]
[SourceTitle "CBM 169 Extra"]
[Source "ChessBase"]
[SourceDate "2015.12.18"]
[SourceVersion "1"]
[SourceVersionDate "2015.12.18"]
[SourceQuality "1"]
[WhiteTeam "Mikel Gurea"]
[BlackTeam "Santa Ana"]
[WhiteTeamCountry "ESP"]
[BlackTeamCountry "ESP"]

1. e4 e5 2. Bc4 Nf6 3. d3 d5 4. exd5 Nxd5 5. Nc3 Bb4 6. Bd2 Nb6 7. Bb3 0-0 8. h3 Nc6 9. Nf3 a5 10. a3 Bxc3 11. Bxc3 Nd4 12. Nxe5 Nxb3 13. cxb3 Re8 14. 0-0 Qd5 15. Nc4 Bxh3 16. gxh3 Re6 17. Kh2 Rh6 18. Rg1 f6 19. Qg4 g5 20. Nxb6 cxb6 21. Qc4 Rd8 22. Rae1 Kf8 23. Qxd5 Rxd5 24. Rg3 Kf7 25. Kg2 Rg6 26. Re4 h5 27. Rge3 Rd7 28. Re6 f5 29. Rxg6 Kxg6 30. Re6+ Kf7 31. Rf6+ Ke7 32. Rxf5 1-0